000
00294nam a2200121Ia 4500
008
160319s9999 xx 000 0 und d
245
_a
Encyclopedia Britannica 2013 /
245
_c
Btitannica.
260
_c
NA
300
_a
1 videodisc :
300
_b
sound., color ;
300
_c
4 3/4 in.
999
_c
292485
_d
292485